(KHMER) Planets & solar system / (Record no. 50076)
| 000 -LEADER | |
|---|---|
| fixed length control field | 00322nam a2200121 4500 |
| 020 ## - INTERNATIONAL STANDARD BOOK NUMBER | |
| International Standard Book Number | 9789924654797 |
| 100 ## - MAIN ENTRY--PERSONAL NAME | |
| Personal name | Ok Van |
| 9 (RLIN) | 87087 |
| 245 ## - TITLE STATEMENT | |
| Title | (KHMER) Planets & solar system / |
| Statement of responsibility, etc | Ok Van |
| 260 ## - PUBLICATION, DISTRIBUTION, ETC. (IMPRINT) | |
| Place of publication, distribution, etc | Cambodia |
| Name of publisher, distributor, etc | Mindbook Publishing |
| Date of publication, distribution, etc | 2024 |
| 300 ## - PHYSICAL DESCRIPTION | |
| Extent | 31 p. |
| Other physical details | col. ill. |
| Dimensions | 20 cm. |
| 490 ## - SERIES STATEMENT | |
| Series statement | Mindkids: S-24 |
| 942 ## - ADDED ENTRY ELEMENTS (KOHA) | |
| Source of classification or shelving scheme | |
| Koha item type | Book |
| Withdrawn status | Lost status | Source of classification or shelving scheme | Damaged status | Not for loan | Collection code | Home library | Current library | Shelving location | Date acquired | Total Checkouts | Full call number | Barcode | Date last seen | Price effective from | Koha item type |
|---|---|---|---|---|---|---|---|---|---|---|---|---|---|---|---|
| Siem Riep | Asian Hope Siem Reap | Asian Hope Siem Reap | SECONDARY | 01/15/2026 | KHMER 523 OK | 209866 | 01/15/2026 | 01/15/2026 | Book |